Geopolitics; Decoding Intents, Narrative,Lies and future (Record no. 196870)

MARC details
000 -LEADER
fixed length control field 00611nam a22001937a 4500
005 - DATE AND TIME OF LATEST TRANSACTION
control field 20230804144849.0
010 ## - LCCN (DPL NO)
LC control number ENG-137677
020 ## - INTERNATIONAL STANDARD BOOK NUMBER
International Standard Book Number 9789392080647
Terms of availability 595.00
035 ## - SYSTEM CONTROL NUMBER
System control number EN-121209
037 ## - SOURCE OF ACQUISITION
Source of stock number/acquisition DBAD/PUB
082 ## - DEWEY DECIMAL CLASSIFICATION NUMBER
Classification number 320.12
100 ## - MAIN ENTRY--PERSONAL NAME
Personal name Siddhartha, K.
245 ## - TITLE STATEMENT
Title Geopolitics; Decoding Intents, Narrative,Lies and future
Statement of responsibility, etc by K. Siddhartha
260 ## - PUBLICATION, DISTRIBUTION, ETC. (IMPRINT)
Place of publication, distribution, etc New Delhi
Name of publisher, distributor, etc Kitab Mahal
Date of publication, distribution, etc 2023
270 ## - ADDRESS
Address 4655/21,Ansari Road(G.F.) Daryaganj<br/>
City New Delhi
Electronic mail address kitab_mahal@hotmail.com
Postal code 110002
300 ## - PHYSICAL DESCRIPTION
Extent 436p.
Dimensions 21cm(Pbk)
700 ## - ADDED ENTRY--PERSONAL NAME
Personal name Shah, Ankit
942 ## - ADDED ENTRY ELEMENTS (KOHA)
Source of classification or shelving scheme Dewey Decimal Classification
Item type English Books
Classification part 320.12
Call number suffix SID
Holdings
Withdrawn status Lost status Not for loan Collection code Home library Current library Date acquired Source of acquisition Cost, normal purchase price Full call number Barcode Copy number Cost, replacement price Koha item type
      Non-fiction Kadipur Kadipur 04/08/2023 DBAD/PUB 595.00 320.12 SID EN-121209 1 595.00 English Books

© Delhi Public Library
Hit Counter
free hit counter